[Event "Chess24 Banter Blitz Cup"]
[Site "chess24.com INT"]
[Date "2019.11.11"]
[Round "1.4"]
[White "Anton Guijarro, David"]
[Black "Bartholomew, John"]
[Result "0-1"]
[WhiteTitle "GM"]
[BlackTitle "IM"]
[WhiteElo "2674"]
[BlackElo "2446"]
[WhiteFideId "2285525"]
[BlackFideId "2019353"]
[EventDate "2019.09.25"]
[EventType "blitz"]

1. e4 d5 2. d3 e5 3. exd5 Qxd5 4. Nc3 Qd8 5. Nf3 Nc6 6. g3 Nf6 7. Bg2 Bg4 8. h3
Bh5 9. O-O Bd6 10. Re1 O-O 11. g4 Bg6 12. Nh4 Re8 13. Bg5 Rb8 14. Qd2 Be7 15.
Nxg6 hxg6 16. Be3 Bb4 17. a3 Ba5 18. b4 Bb6 19. Bxb6 axb6 20. Ne4 Nd5 21. Rad1
Nf4 22. Ng3 Qh4 23. Kh2 Nd4 24. Re3 Rbd8 25. c3 Nde6 26. Qe1 Ng5 27. Ne2 Nxg2
28. Kxg2 f6 29. Ng1 Ne6 30. Ne2 Rd7 31. d4 Red8 32. Rc1 Ng5 33. Rd1 e4 34. Ng1
f5 35. f4 Qxe1 36. Rdxe1 Ne6 37. Kg3 c5 38. h4 cxd4 39. cxd4 Rxd4 40. Nh3 Rd3
41. Nf2 Rxe3+ 42. Rxe3 Nd4 43. h5 Kf7 44. hxg6+ Kxg6 45. Kg2 Re8 46. Rg3 Kf6 47.
gxf5 Nxf5 48. Ng4+ Ke6 49. Rc3 Kd5 50. Rc7 e3 51. Ne5 Ke4 0-1

[Event "Chess24 Banter Blitz Cup"]
[Site "chess24.com INT"]
[Date "2019.11.11"]
[Round "1.5"]
[White "Bartholomew, John"]
[Black "Anton Guijarro, David"]
[Result "1-0"]
[WhiteTitle "IM"]
[BlackTitle "GM"]
[WhiteElo "2446"]
[BlackElo "2674"]
[WhiteFideId "2019353"]
[BlackFideId "2285525"]
[EventDate "2019.09.25"]
[EventType "blitz"]

1. d4 f5 2. Nf3 Nf6 3. g3 g6 4. Bg2 Bg7 5. O-O O-O 6. b3 d6 7. Bb2 a5 8. a4 Nc6
9. Nbd2 Qe8 10. Nc4 e6 11. e3 h6 12. Qe2 g5 13. Rad1 g4 14. Nh4 d5 15. Na3 Bd7
16. Nb5 Rc8 17. Ba3 Rf7 18. c4 Ne4 19. f3 gxf3 20. Bxf3 Rf6 21. Ng2 Nb4 22. Bxb4
axb4 23. Bxe4 dxe4 24. Nf4 Rf8 25. d5 exd5 26. cxd5 Be5 27. Nd4 Bxd4 28. Rxd4 b6
29. Rxb4 Kh7 30. Rd4 Qe5 31. Rfd1 Rf6 32. Qa6 Rg8 33. Kf2 h5 34. Qe2 Rh6 35. h4
Rg4 36. d6 c6 37. Qc4 Rhg6 38. Qf7+ Rg7 39. Qxh5+ Kg8 40. Rg1 Qc5 41. Rd2 Qb4
42. Re2 Qxd6 43. Rc2 Qe5 44. Rd2 Qe7 45. Qh6 Be8 46. Qd6 Qxd6 47. Rxd6 Rd7 48.
Rgd1 Rxd6 49. Rxd6 Kf7 50. Rd8 1-0

[Event "Chess24 Banter Blitz Cup"]
[Site "chess24.com INT"]
[Date "2019.11.11"]
[Round "1.6"]
[White "Anton Guijarro, David"]
[Black "Bartholomew, John"]
[Result "1/2-1/2"]
[WhiteTitle "GM"]
[BlackTitle "IM"]
[WhiteElo "2674"]
[BlackElo "2446"]
[WhiteFideId "2285525"]
[BlackFideId "2019353"]
[EventDate "2019.09.25"]
[EventType "blitz"]

1. Nf3 d5 2. b3 Bg4 3. Bb2 Bxf3 4. exf3 e6 5. f4 Nf6 6. g3 g6 7. Bg2 Bg7 8. O-O
O-O 9. d4 Nbd7 10. Nd2 c6 11. Qe2 Ne8 12. c4 Nd6 13. Rfd1 a5 14. a4 Nf5 15. Nf3
Qb6 16. Qc2 Rfd8 17. Rac1 Qa7 18. g4 Nd6 19. Ne5 Bh6 20. Nd3 Bg7 21. c5 Ne8 22.
f5 exf5 23. gxf5 Nef6 24. Re1 Nh5 25. Bf3 Ndf6 26. Ne5 Re8 27. Rcd1 Rad8 28. Bc1
Qb8 29. Kh1 Qc7 30. Rg1 Rxe5 31. dxe5 Qxe5 32. Rge1 Qc7 33. Bg5 Rf8 34. Qd2 b6
35. Bxh5 Nxh5 36. Re7 Qb8 37. fxg6 hxg6 38. cxb6 Qxb6 39. Rde1 Qxb3 40. Qe2 Qxa4
41. Re8 Qb4 42. Rxf8+ Bxf8 43. Bd2 Qa3 44. Kg1 a4 45. Qe8 Nf6 46. Qd8 Ne4 47.
Bh6 Qb4 48. Re3 a3 49. Qxf8+ Qxf8 50. Bxf8 Kxf8 51. Rxa3 Ke7 52. Ra7+ Ke6 53.
Rc7 c5 54. f3 Ng5 55. Rxc5 Nxf3+ 56. Kg2 Ne5 57. Rc8 d4 58. Rd8 d3 59. Kf2 Kf5
60. Ke3 g5 61. h3 f6 62. Rd6 Kg6 63. Rd5 Kf5 64. Rd8 Ke6 65. Re8+ Kf5 66. Rd8
Kg6 67. Re8 Kf5 68. Rd8 1/2-1/2

[Event "Chess24 Banter Blitz Cup"]
[Site "chess24.com INT"]
[Date "2019.11.11"]
[Round "1.7"]
[White "Bartholomew, John"]
[Black "Anton Guijarro, David"]
[Result "0-1"]
[WhiteTitle "IM"]
[BlackTitle "GM"]
[WhiteElo "2446"]
[BlackElo "2674"]
[WhiteFideId "2019353"]
[BlackFideId "2285525"]
[EventDate "2019.09.25"]
[EventType "blitz"]

1. d4 g6 2. e4 Bg7 3. Nf3 d6 4. Bc4 Nf6 5. Qe2 O-O 6. O-O c6 7. e5 dxe5 8. dxe5
Nd5 9. Re1 Be6 10. Nbd2 Nd7 11. g3 Bg4 12. Qf1 Qc7 13. h3 Bxf3 14. Nxf3 Nxe5 15.
Nxe5 Bxe5 16. Bh6 Bg7 17. Bxg7 Kxg7 18. Qd3 Nf6 19. Qc3 Rad8 20. Re3 Rd7 21.
Rae1 h5 22. a4 Rfd8 23. Qb4 Qd6 24. Qc3 e6 25. g4 hxg4 26. hxg4 Qd4 27. f3 Qxc3
28. Rxc3 Rd4 29. Kf2 Nd5 30. Bxd5 R8xd5 31. b3 g5 32. Rce3 a5 33. R1e2 Kf6 34.
Kg3 Rd2 35. Re4 Rxe2 36. Rxe2 Rc5 37. Kf2 Rc3 38. Rd2 Ke5 39. Re2+ Kd6 40. Rd2+
Ke7 41. Kg3 f5 42. gxf5 exf5 43. Kf2 Ke6 44. Re2+ Kf6 45. Rd2 Ke5 46. Kg2 Kf4
47. Rf2 b5 48. b4 axb4 49. a5 Ra3 50. Rd2 Rxa5 51. Rd4+ Ke5 52. Rxb4 Ra2 0-1

[Event "Chess24 Banter Blitz Cup"]
[Site "chess24.com INT"]
[Date "2019.11.11"]
[Round "1.8"]
[White "Anton Guijarro, David"]
[Black "Bartholomew, John"]
[Result "1-0"]
[WhiteTitle "GM"]
[BlackTitle "IM"]
[WhiteElo "2674"]
[BlackElo "2446"]
[WhiteFideId "2285525"]
[BlackFideId "2019353"]
[EventDate "2019.09.25"]
[EventType "blitz"]

1. Nf3 d5 2. g3 c6 3. Bg2 Bg4 4. O-O Nd7 5. d3 e5 6. h3 Bh5 7. e4 dxe4 8. dxe4
Ngf6 9. Qe1 Be7 10. a4 O-O 11. Nbd2 Qc7 12. Nh4 Rfe8 13. Nc4 Bf8 14. b4 b5 15.
Ne3 a6 16. Bb2 Nb6 17. a5 Na4 18. Bc1 c5 19. g4 Bg6 20. g5 Nh5 21. Nd5 Qb7 22.
c3 Rac8 23. Bd2 cxb4 24. cxb4 Nb2 25. Qe2 Nc4 26. Bf3 Nf4 27. Bxf4 exf4 28. Nxg6
hxg6 29. Rab1 Ne5 30. Rfd1 Rc4 31. Nxf4 Nxf3+ 32. Qxf3 Rcxe4 33. Nd5 Qc8 34. Kg2
R4e5 35. h4 Rf5 36. Qd3 Qc6 37. Rbc1 Qa8 38. Kg1 Ree5 39. Nb6 Qe8 40. Kg2 Re2
41. Rf1 Qe5 42. Rc8 Re4 43. Rxf8+ Kxf8 44. Nd7+ Kg8 45. Nxe5 Rfxe5 46. Qd8+ Kh7
47. Rh1 Rg4+ 48. Kf3 Rxb4 49. h5 Rf5+ 50. Ke3 Rb3+ 51. Kd2 Rbf3 52. hxg6+ Kxg6
53. Qd6+ Kxg5 54. Rg1+ Kh5 55. Qh2+ 1-0

[Event "Chess24 Banter Blitz Cup"]
[Site "chess24.com INT"]
[Date "2019.11.11"]
[Round "1.9"]
[White "Bartholomew, John"]
[Black "Anton Guijarro, David"]
[Result "1/2-1/2"]
[WhiteTitle "IM"]
[BlackTitle "GM"]
[WhiteElo "2446"]
[BlackElo "2674"]
[WhiteFideId "2019353"]
[BlackFideId "2285525"]
[EventDate "2019.09.25"]
[EventType "blitz"]

1. Nf3 e6 2. d4 Nf6 3. Bg5 Be7 4. Nbd2 d5 5. e3 Ne4 6. Nxe4 dxe4 7. Bxe7 Qxe7 8.
Nd2 f5 9. Qh5+ Qf7 10. Qxf7+ Kxf7 11. Bb5 Bd7 12. a4 a6 13. Bc4 Ke7 14. c3 Bc6
15. O-O Nd7 16. f3 exf3 17. Nxf3 Bxf3 18. gxf3 c6 19. Kf2 g5 20. Rg1 h6 21. a5
Rag8 22. Ra3 Kd6 23. Rb3 Rb8 24. h4 Rhg8 25. hxg5 Rxg5 26. Rxg5 hxg5 27. e4 fxe4
28. fxe4 e5 29. Be2 Kc7 30. Kg3 Re8 31. Bf3 Nf6 32. Rb4 exd4 33. Rxd4 c5 34. Rc4
Kd6 35. b4 Nd7 36. Bg4 Nf6 37. bxc5+ Ke5 38. Bf3 Rc8 39. Kf2 g4 40. Bg2 Nd7 41.
Rb4 Nxc5 42. Kg3 Rc7 43. Kxg4 Rg7+ 44. Kf3 Nd3 45. Rb1 Rc7 46. Kg4 Nf2+ 47. Kg3
Nd3 48. Kg4 Rf7 49. Bf1 Nf2+ 50. Kh4 Kf4 51. Kh5 Nxe4 52. Rb4 Ke5 53. Bg2 Rf5+
54. Kg4 Rf4+ 55. Kh3 Ng5+ 56. Kg3 Rxb4 57. cxb4 Ne4+ 58. Kg4 Nd6 59. Kg5 Kd4 60.
Kf6 Kc4 61. Ke7 Kxb4 62. Kxd6 Kxa5 63. Bxb7 Kb4 64. Bxa6 1/2-1/2

[Event "Chess24 Banter Blitz Cup"]
[Site "chess24.com INT"]
[Date "2019.11.11"]
[Round "1.10"]
[White "Anton Guijarro, David"]
[Black "Bartholomew, John"]
[Result "1-0"]
[WhiteTitle "GM"]
[BlackTitle "IM"]
[WhiteElo "2674"]
[BlackElo "2446"]
[WhiteFideId "2285525"]
[BlackFideId "2019353"]
[EventDate "2019.09.25"]
[EventType "blitz"]

1. d4 d5 2. Nc3 Nf6 3. Bg5 Bf5 4. Bxf6 gxf6 5. e3 e6 6. Bd3 Bg6 7. Nge2 c5 8.
dxc5 Bxc5 9. O-O Nc6 10. a3 Bd6 11. Nf4 Bxf4 12. exf4 f5 13. g3 O-O 14. h4 h6
15. Kh2 Rc8 16. Ne2 Qb6 17. Rb1 d4 18. Ng1 f6 19. Re1 e5 20. h5 Bh7 21. Nf3 e4
22. Bc4+ Kg7 23. Nh4 Ne7 24. Bf1 Rc5 25. Qxd4 Rxc2 26. Qxb6 axb6 27. Kg1 Rd8 28.
Red1 Rdd2 29. Rxd2 Rxd2 30. b4 Bg8 31. Rc1 Rd7 32. Bb5 Rd5 33. Rc7 Kf8 34. Bf1
Rd1 35. Kg2 Rd2 36. Ng6+ Nxg6 37. hxg6 Bd5 38. Bc4 Bxc4 39. Rxc4 Kg7 40. Rc7+
Kxg6 41. Rxb7 Ra2 42. Rxb6 Rxa3 43. Rb8 Ra2 44. Kf1 Ra1+ 45. Ke2 Ra2+ 46. Ke3
Ra3+ 47. Kd4 Ra2 48. b5 Rxf2 49. b6 Rd2+ 50. Kc3 Rd7 51. Kc4 Kh5 52. Re8 Kg4 53.
Kc5 Kf3 54. Kc6 Rd1 55. b7 Rc1+ 56. Kd5 Rb1 57. b8=Q Rxb8 58. Rxb8 Kxg3 59. Kd4
Kxf4 60. Rb1 h5 61. Rf1+ Kg5 62. Ke3 h4 63. Rg1+ Kh5 64. Kf4 e3 65. Kxe3 h3 66.
Kf4 Kh4 67. Rg8 h2 68. Rh8# 1-0

[Event "Chess24 Banter Blitz Cup"]
[Site "chess24.com INT"]
[Date "2019.11.11"]
[Round "1.11"]
[White "Bartholomew, John"]
[Black "Anton Guijarro, David"]
[Result "1/2-1/2"]
[WhiteTitle "IM"]
[BlackTitle "GM"]
[WhiteElo "2446"]
[BlackElo "2674"]
[WhiteFideId "2019353"]
[BlackFideId "2285525"]
[EventDate "2019.09.25"]
[EventType "blitz"]

1. d4 Nf6 2. Nf3 b6 3. g3 Bb7 4. Bg2 g6 5. O-O Bg7 6. b3 O-O 7. Bb2 c5 8. dxc5
bxc5 9. c4 d6 10. Nc3 Ne4 11. Qc2 Nxc3 12. Bxc3 a5 13. h4 h5 14. Rfe1 Nd7 15. e4
Qc7 16. Rad1 a4 17. Bxg7 Kxg7 18. Qc3+ Kg8 19. e5 dxe5 20. Nxe5 Nxe5 21. Qxe5
Qxe5 22. Rxe5 Bxg2 23. Kxg2 axb3 24. axb3 Ra3 25. Rd3 e6 26. Rxc5 Rb8 27. Rc7
Raxb3 28. Rdd7 Rf8 29. c5 Rc3 30. c6 Kg7 31. Re7 Kf6 32. Kf1 Rc2 33. Red7 Kg7
34. Ke1 Kf6 35. Kf1 Kg7 36. Kg2 Rc3 37. Re7 Kf6 38. Red7 Kg7 1/2-1/2

[Event "Chess24 Banter Blitz Cup"]
[Site "chess24.com INT"]
[Date "2019.11.11"]
[Round "1.12"]
[White "Anton Guijarro, David"]
[Black "Bartholomew, John"]
[Result "1-0"]
[WhiteTitle "GM"]
[BlackTitle "IM"]
[WhiteElo "2674"]
[BlackElo "2446"]
[WhiteFideId "2285525"]
[BlackFideId "2019353"]
[EventDate "2019.09.25"]
[EventType "blitz"]

1. c4 c6 2. e3 d5 3. Nc3 Nf6 4. Nf3 g6 5. d4 Bg7 6. Be2 O-O 7. O-O b6 8. b4 Bb7
9. Bb2 Nbd7 10. a4 a5 11. b5 e6 12. bxc6 Bxc6 13. cxd5 Nxd5 14. Nxd5 Bxd5 15.
Bb5 Nc5 16. Ba3 Ne4 17. Bxf8 Bxf8 18. Rc1 Bd6 19. Ne5 Bxe5 20. dxe5 Qg5 21. f4
Qe7 22. Bc6 Rd8 23. Bxd5 Rxd5 24. Qc2 Nc5 25. Rfd1 Qd7 26. Rxd5 Qxd5 27. Rd1 Qc6
28. Rd4 Kg7 29. h3 h5 30. Kh2 h4 31. Qf2 Nb3 32. Rd8 1-0

[Event "Chess24 Banter Blitz Cup"]
[Site "chess24.com INT"]
[Date "2019.11.11"]
[Round "1.13"]
[White "Bartholomew, John"]
[Black "Anton Guijarro, David"]
[Result "0-1"]
[WhiteTitle "IM"]
[BlackTitle "GM"]
[WhiteElo "2446"]
[BlackElo "2674"]
[WhiteFideId "2019353"]
[BlackFideId "2285525"]
[EventDate "2019.09.25"]
[EventType "blitz"]

1. Nf3 b6 2. d4 Bb7 3. g3 Nf6 4. Bg2 g6 5. O-O Bg7 6. c4 O-O 7. Nc3 Ne4 8. Nxe4
Bxe4 9. Be3 d6 10. Qd2 c5 11. Rad1 Nd7 12. Bh6 Re8 13. Bxg7 Kxg7 14. Qc3 Nf6 15.
d5 Rb8 16. Bh3 Bxf3 17. exf3 b5 18. b3 bxc4 19. bxc4 Qb6 20. Rfe1 Qb2 21. Qa5
Qc2 22. Rc1 Qb2 23. Rc3 Rb4 24. Bf1 Qxc3 0-1

[Event "Chess24 Banter Blitz Cup"]
[Site "chess24.com INT"]
[Date "2019.11.11"]
[Round "1.14"]
[White "Anton Guijarro, David"]
[Black "Bartholomew, John"]
[Result "1-0"]
[WhiteTitle "GM"]
[BlackTitle "IM"]
[WhiteElo "2674"]
[BlackElo "2446"]
[WhiteFideId "2285525"]
[BlackFideId "2019353"]
[EventDate "2019.09.25"]
[EventType "blitz"]

1. c4 c6 2. Nc3 d5 3. e3 Nf6 4. Nf3 Bg4 5. cxd5 Bxf3 6. Qxf3 cxd5 7. d4 Nc6 8.
Bd2 e6 9. Bd3 Be7 10. g4 O-O 11. g5 Nd7 12. h4 Nb6 13. Qh5 g6 14. Qg4 e5 15. h5
exd4 16. hxg6 Bxg5 17. g7 Re8 18. Qf5 1-0

[Event "Chess24 Banter Blitz Cup"]
[Site "chess24.com INT"]
[Date "2019.11.11"]
[Round "1.15"]
[White "Bartholomew, John"]
[Black "Anton Guijarro, David"]
[Result "0-1"]
[WhiteTitle "IM"]
[BlackTitle "GM"]
[WhiteElo "2446"]
[BlackElo "2674"]
[WhiteFideId "2019353"]
[BlackFideId "2285525"]
[EventDate "2019.09.25"]
[EventType "blitz"]

1. d4 Nf6 2. c4 b6 3. Nf3 Bb7 4. g3 g6 5. Bg2 Bg7 6. O-O O-O 7. Bf4 d6 8. Nc3
Ne4 9. Nxe4 Bxe4 10. Qd2 c5 11. Rad1 cxd4 12. Bg5 Nc6 13. Qf4 f5 14. Qh4 Qd7 15.
Rfe1 e5 16. Bh3 Qf7 17. Nd2 Bc2 18. Rc1 d3 19. exd3 Bxd3 20. Bg2 e4 21. Re3 Nd4
22. Kh1 Kh8 23. f3 Rae8 24. fxe4 fxe4 25. Bxe4 Nf5 26. Bxf5 Bxf5 27. Rce1 Qb7+
28. Kg1 Rxe3 29. Bxe3 Bxb2 30. Bd4+ Bxd4+ 31. Qxd4+ Qg7 32. Qxd6 h5 33. Nf3 Qf6
34. Qf4 Bg4 35. Qxf6+ Rxf6 36. Ne5 Bh3 37. Nd3 g5 38. Nf2 g4 39. Nxh3 gxh3 40.
Re5 Kg7 41. Rxh5 Rc6 42. Rxh3 Rxc4 43. Rh5 Ra4 44. Rd5 Rxa2 45. h4 a5 46. h5 a4
47. g4 a3 48. g5 Rb2 49. Rd7+ Kg8 50. Rd8+ Kf7 51. Rd7+ Ke6 52. Ra7 a2 53. h6
Rb1+ 54. Kg2 a1=Q 55. Rxa1 Rxa1 56. Kg3 Kf5 57. h7 Rh1 0-1

[Event "Chess24 Banter Blitz Cup"]
[Site "chess24.com INT"]
[Date "2019.11.13"]
[Round "1.1"]
[White "Praggnanandhaa, R"]
[Black "Tari, Aryan"]
[Result "1-0"]
[WhiteTitle "GM"]
[BlackTitle "GM"]
[WhiteElo "2567"]
[BlackElo "2630"]
[WhiteFideId "25059530"]
[BlackFideId "1510045"]
[EventDate "2019.09.25"]
[EventType "blitz"]

1. Nf3 Nf6 2. g3 g6 3. Bg2 Bg7 4. O-O O-O 5. d4 d5 6. c4 c6 7. cxd5 cxd5 8. Ne5
Ne4 9. Nc3 Nxc3 10. bxc3 Nc6 11. Nxc6 bxc6 12. Qa4 Qb6 13. Ba3 Qa6 14. Qxa6 Bxa6
15. Rfb1 Rfb8 16. Bxe7 Bxe2 17. Bd6 Rb6 18. Bc5 Rxb1+ 19. Rxb1 Bf8 20. Rb7 Bc4
21. a4 a5 22. Bf1 Bxc5 23. dxc5 Re8 24. Bxc4 dxc4 25. Rb6 Re1+ 26. Kg2 Rc1 27.
Rxc6 Rxc3 28. Rc8+ Kg7 29. c6 Rb3 30. c7 Rb7 31. Rg8+ 1-0

[Event "Chess24 Banter Blitz Cup"]
[Site "chess24.com INT"]
[Date "2019.11.13"]
[Round "1.2"]
[White "Tari, Aryan"]
[Black "Praggnanandhaa, R"]
[Result "0-1"]
[WhiteTitle "GM"]
[BlackTitle "GM"]
[WhiteElo "2630"]
[BlackElo "2567"]
[WhiteFideId "1510045"]
[BlackFideId "25059530"]
[EventDate "2019.09.25"]
[EventType "blitz"]

1. e4 c5 2. Nf3 e6 3. d4 cxd4 4. Nxd4 a6 5. c4 Nf6 6. Nc3 Qc7 7. Be2 Bb4 8. Nc2
Bxc3+ 9. bxc3 d6 10. Ba3 Nxe4 11. Qd4 f5 12. Bh5+ Kf8 13. Bf3 Nc6 14. Qd1 Nc5
15. O-O Kf7 16. Nd4 Rd8 17. Re1 Kg8 18. Qc2 Ne5 19. Be2 Ng6 20. g3 Re8 21. Bh5
Bd7 22. Re2 Ne5 23. Bxe8 Rxe8 24. Rae1 Ne4 25. f3 Ng5 26. Rf1 Bc6 27. Nxc6 Qxc6
28. Re3 Ngxf3+ 29. Rfxf3 Nxf3+ 30. Kf2 Ne5 31. Kg1 Nxc4 32. Re1 Nxa3 33. Qb3
Qc5+ 34. Kh1 Qc6+ 35. Kg1 Nc4 36. Qd1 b5 37. Qe2 Qc5+ 38. Kg2 e5 39. Kh3 Qc6 40.
Qh5 Qd7 41. Qg5 Qf7 42. Qc1 f4 43. Kg2 Qh5 44. Rf1 f3+ 45. Rxf3 Rf8 46. Rf2
Rxf2+ 47. Kxf2 Qxh2+ 48. Kf3 Qd2 49. Ke4 Qxc1 50. Kd5 Qxc3 51. Ke6 Qb2 52. g4
Qxa2 53. Ke7 Qa3 54. g5 Qg3 55. g6 Qxg6 56. Kd8 a5 57. Kd7 a4 58. Kc7 a3 59. Kb7
a2 60. Kc7 a1=Q 61. Kd7 Qa2 62. Kc8 Qb2 0-1

[Event "Chess24 Banter Blitz Cup"]
[Site "chess24.com INT"]
[Date "2019.11.13"]
[Round "1.3"]
[White "Praggnanandhaa, R"]
[Black "Tari, Aryan"]
[Result "1/2-1/2"]
[WhiteTitle "GM"]
[BlackTitle "GM"]
[WhiteElo "2567"]
[BlackElo "2630"]
[WhiteFideId "25059530"]
[BlackFideId "1510045"]
[EventDate "2019.09.25"]
[EventType "blitz"]

1. Nf3 Nf6 2. g3 c5 3. Bg2 Nc6 4. c4 d5 5. cxd5 Nxd5 6. Nc3 Nxc3 7. bxc3 e5 8.
d3 Be7 9. O-O O-O 10. Nd2 Qc7 11. Rb1 Be6 12. Qa4 Rac8 13. Bxc6 bxc6 14. Ba3
Bxa2 15. Rb2 Bd5 16. c4 Be6 17. Ne4 Rb8 18. Ra2 Qb6 19. Rb2 Qc7 20. Ra2 Qb6 21.
Rb2 Qc7 1/2-1/2

[Event "Chess24 Banter Blitz Cup"]
[Site "chess24.com INT"]
[Date "2019.11.13"]
[Round "1.4"]
[White "Tari, Aryan"]
[Black "Praggnanandhaa, R"]
[Result "1-0"]
[WhiteTitle "GM"]
[BlackTitle "GM"]
[WhiteElo "2630"]
[BlackElo "2567"]
[WhiteFideId "1510045"]
[BlackFideId "25059530"]
[EventDate "2019.09.25"]
[EventType "blitz"]

1. e4 c5 2. Nf3 e6 3. d4 cxd4 4. Nxd4 a6 5. c4 Nf6 6. Nc3 Qc7 7. Be2 Bb4 8. Nc2
Bxc3+ 9. bxc3 d6 10. Ba3 Nxe4 11. Qd4 f5 12. Bh5+ Kf8 13. Bf3 Nc6 14. Qd1 Nc5
15. O-O Kf7 16. Bh5+ g6 17. Be2 Rd8 18. Nd4 e5 19. Nf3 Kg7 20. h4 Be6 21. h5 Qe7
22. Rb1 Rd7 23. Qc1 f4 24. Nd2 Bf5 25. Rb6 e4 26. Nb3 Qe5 27. Nd4 Ne7 28. Qd2
Kg8 29. f3 e3 30. Qe1 g5 31. Qd1 h6 32. Rb2 Bh7 33. Nc2 Rad8 34. Nb4 Nf5 35. Nd5
Ng3 36. Re1 Kh8 37. Qd4 Ne6 38. Qxe5+ dxe5 39. Be7 Rxe7 40. Nxe7 Rd2 41. Rxd2
exd2 42. Rd1 Nxe2+ 43. Kf2 Nxc3 44. Rxd2 Nd4 45. Nd5 Nxd5 46. cxd5 Bf5 47. d6
Bd7 48. Rd3 Kg7 49. Rc3 Nc6 50. Rb3 b5 51. a4 b4 52. Ke2 Kf6 53. Kd3 Ke6 54. Kc4
Kxd6 55. Rd3+ Kc7 56. Kc5 Be6 57. Rd6 Bd7 58. Rxh6 b3 59. Rd6 b2 60. Rd1 Bf5 61.
h6 b1=Q 62. Rxb1 Bxb1 63. h7 Bxh7 64. g3 Nd4 65. gxf4 exf4 66. Kd5 g4 67. Ke5
gxf3 68. Kxf4 a5 69. Ke5 Nc2 70. Kf6 Nb4 71. Kg7 1-0

[Event "Chess24 Banter Blitz Cup"]
[Site "chess24.com INT"]
[Date "2019.11.13"]
[Round "1.5"]
[White "Praggnanandhaa, R"]
[Black "Tari, Aryan"]
[Result "1-0"]
[WhiteTitle "GM"]
[BlackTitle "GM"]
[WhiteElo "2567"]
[BlackElo "2630"]
[WhiteFideId "25059530"]
[BlackFideId "1510045"]
[EventDate "2019.09.25"]
[EventType "blitz"]

1. e4 c6 2. d4 d5 3. exd5 cxd5 4. Bd3 Nc6 5. c3 Nf6 6. Bf4 Bg4 7. Qb3 Qd7 8. Nd2
e6 9. Ngf3 Bd6 10. Bxd6 Qxd6 11. O-O O-O 12. Rfe1 Rab8 13. Ne5 Bh5 14. Re3 Qc7
15. Rae1 b5 16. a3 Na5 17. Qc2 Nc4 18. Rh3 Bg6 19. Bxg6 hxg6 20. Ndf3 Rfc8 21.
Nxf7 Qxf7 22. Ng5 Qd7 23. Qxg6 Qe8 24. Nf7 Qxf7 25. Rh8+ Kxh8 26. Qxf7 Nxb2 27.
Re3 Ng4 28. Qh5+ Nh6 29. g4 Kg8 30. g5 Nf5 31. Rxe6 Nd3 32. Qf3 Nxd4 33. cxd4
Rc1+ 34. Kg2 Ne1+ 35. Rxe1 Rxe1 36. Qxd5+ Kh8 37. g6 Rbe8 38. Qh5+ Kg8 39. Qh7+
Kf8 40. Qh8+ Ke7 41. Qxg7+ Kd6 42. Qf6+ R1e6 43. Qf4+ Kd5 44. Qg5+ Kxd4 45. h4
Re5 46. Qg4+ Re4 47. Qg5 R4e5 48. Qf4+ Re4 49. Qd6+ Kc3 50. h5 Rg4+ 51. Kh3 Ree4
52. Qc6+ Kd2 53. Qxe4 Rxe4 54. g7 Re8 55. h6 Rg8 56. h7 Rxg7 57. h8=Q Rg1 58.
Qh6+ Ke2 59. Qh4 1-0

[Event "Chess24 Banter Blitz Cup"]
[Site "chess24.com INT"]
[Date "2019.11.13"]
[Round "1.6"]
[White "Tari, Aryan"]
[Black "Praggnanandhaa, R"]
[Result "0-1"]
[WhiteTitle "GM"]
[BlackTitle "GM"]
[WhiteElo "2630"]
[BlackElo "2567"]
[WhiteFideId "1510045"]
[BlackFideId "25059530"]
[EventDate "2019.09.25"]
[EventType "blitz"]

1. Nf3 Nf6 2. c4 g6 3. g3 Bg7 4. Bg2 O-O 5. O-O d6 6. d4 Nbd7 7. Nc3 e5 8. b3
exd4 9. Nxd4 a5 10. e4 Re8 11. Be3 Nc5 12. f3 c6 13. Qd2 h5 14. h3 Nfd7 15. Rae1
Nb6 16. a4 Nbd7 17. Qc2 Qb6 18. Rb1 Nf8 19. Bf2 Nfe6 20. Nxe6 Bxe6 21. f4 Qc7
22. Ne2 b6 23. Nd4 Bd7 24. Rbe1 Re7 25. Kh2 Rae8 26. f5 gxf5 27. Nxf5 Bxf5 28.
exf5 Rxe1 29. Rxe1 Rxe1 30. Bxe1 Qe7 31. Bf2 Be5 32. Bxc6 h4 33. Kg2 Qg5 34. Bf3
Bxg3 35. Bg1 Bh2+ 36. Kxh2 Qg3+ 37. Kh1 Qxh3+ 38. Bh2 Qxf3+ 39. Qg2+ Qxg2+ 40.
Kxg2 Nxb3 41. Bxd6 Nd2 42. c5 bxc5 43. Bxc5 Nb3 44. Kh3 Nxc5 45. Kxh4 Nxa4 46.
Kg5 Nb6 47. Kf6 a4 48. Ke7 a3 49. f6 a2 50. Ke8 a1=Q 51. Ke7 Qxf6+ 52. Kxf6 Nc4 0-1

[Event "Chess24 Banter Blitz Cup"]
[Site "chess24.com INT"]
[Date "2019.11.13"]
[Round "1.7"]
[White "Praggnanandhaa, R"]
[Black "Tari, Aryan"]
[Result "0-1"]
[WhiteTitle "GM"]
[BlackTitle "GM"]
[WhiteElo "2567"]
[BlackElo "2630"]
[WhiteFideId "25059530"]
[BlackFideId "1510045"]
[EventDate "2019.09.25"]
[EventType "blitz"]

1. b3 e5 2. Bb2 Nc6 3. e3 d5 4. Bb5 Bd6 5. Nf3 Qe7 6. d4 e4 7. Ne5 a6 8. Nxc6
Qg5 9. Bf1 bxc6 10. Ba3 Nf6 11. Qd2 a5 12. Bxd6 cxd6 13. Nc3 O-O 14. O-O-O Nd7
15. Na4 Qd8 16. f3 Nb6 17. Nxb6 Qxb6 18. a4 f5 19. Be2 Be6 20. Rdf1 c5 21. fxe4
fxe4 22. Rxf8+ Rxf8 23. Rf1 Rc8 24. Bb5 c4 25. bxc4 dxc4 26. d5 c3 27. Qd4 Qxd4
28. exd4 Bxd5 29. Rf4 Rf8 30. Rxf8+ Kxf8 31. Kd1 g5 32. Ke2 Ke7 33. Ke3 Kf6 34.
g3 h5 35. Bd7 Bb7 36. Bb5 d5 37. Bd7 Ba6 38. Bc6 Bc4 39. Bb7 Ba2 40. Ke2 Bc4+
41. Ke3 Ke6 42. Bc8+ Kd6 43. h4 gxh4 44. gxh4 Ba2 45. Ke2 Bb1 46. Kd1 e3 47. Bf5
Ba2 48. Bd3 Ke6 49. Ke2 Bc4 50. Kxe3 Bxd3 51. Kxd3 Kf5 52. Kxc3 Ke4 53. Kd2 Kxd4
54. c3+ Kc4 55. Kc2 d4 56. cxd4 Kxd4 57. Kd2 Kc4 58. Ke3 Kb4 59. Kd4 Kxa4 60.
Kc4 Ka3 61. Kc3 a4 62. Kc2 Kb4 63. Kb2 Kc4 64. Ka3 Kd4 65. Kxa4 Ke4 66. Kb4 Kf4
67. Kc4 Kg4 68. Kd3 Kxh4 69. Ke2 Kg3 70. Kf1 Kh3 71. Kg1 Kg3 72. Kh1 Kh3 73. Kg1
Kh4 74. Kh1 Kg4 75. Kg1 h4 76. Kh1 Kg3 77. Kg1 Kh3 78. Kh1 Kg3 0-1

[Event "Chess24 Banter Blitz Cup"]
[Site "chess24.com INT"]
[Date "2019.11.13"]
[Round "1.8"]
[White "Tari, Aryan"]
[Black "Praggnanandhaa, R"]
[Result "1/2-1/2"]
[WhiteTitle "GM"]
[BlackTitle "GM"]
[WhiteElo "2630"]
[BlackElo "2567"]
[WhiteFideId "1510045"]
[BlackFideId "25059530"]
[EventDate "2019.09.25"]
[EventType "blitz"]

1. e4 c5 2. Nf3 Nc6 3. Bb5 g6 4. O-O Bg7 5. Re1 e5 6. Bxc6 dxc6 7. d3 Qe7 8. a4
Nf6 9. Na3 b6 10. Nc4 Nd7 11. Be3 O-O 12. Qd2 f6 13. Bh6 a5 14. Bxg7 Kxg7 15.
Qe3 Ba6 16. Nfd2 Rab8 17. f4 exf4 18. Qxf4 Bxc4 19. Nxc4 Ne5 20. b3 Qd8 21. Nxe5
Qd4+ 22. Qe3 fxe5 23. Rad1 Rf6 24. Qxd4 cxd4 25. Rf1 Rbf8 26. Rxf6 Rxf6 27. Rc1
c5 28. Rf1 Rxf1+ 29. Kxf1 Kf6 30. Kf2 h5 31. h4 Ke6 32. Kf3 Kd6 33. Ke2 Kc6 34.
Kd2 b5 35. c4 bxa4 36. bxa4 1/2-1/2